Student personnel services in Japan / (Record no. 46860)
[ view plain ]
| 000 -LEADER | |
|---|---|
| fixed length control field | 01066nam a2200277 a 4500 |
| 001 - CONTROL NUMBER | |
| control field | 46860 |
| 003 - CONTROL NUMBER IDENTIFIER | |
| rucl marc code | BD-RjUL |
| 005 - DATE AND TIME OF LATEST TRANSACTION | |
| control field | 20211209054222.0 |
| 008 - FIXED-LENGTH DATA ELEMENTS--GENERAL INFORMATION | |
| fixed length control field | 160804s1957 dcua 101 0 eng |
| 035 ## - SYSTEM CONTROL NUMBER | |
| System control number | (BD-RjUL)46979 |
| System control number | (OCoLC)626188 |
| 040 ## - CATALOGING SOURCE | |
| Original cataloging agency | DLC |
| Transcribing agency | OU |
| Modifying agency | OCoLC |
| -- | DLC |
| -- | BD-RjUL |
| Language of cataloging | eng |
| 041 ## - LANGUAGE CODE | |
| Language code of text/sound track or separate title | eng |
| 082 ## - DEWEY DECIMAL CLASSIFICATION NUMBER | |
| Classification number | 371.40952 |
| Edition number | 23 |
| Author mark and year | LLS 1957 |
| 100 ## - MAIN ENTRY--PERSONAL NAME | |
| Personal name | Lloyd, Wesley P. |
| Fuller form of name | (Wesley Parkinson), |
| 9 (RLIN) | 142759 |
| 111 2# - MAIN ENTRY--MEETING NAME | |
| Meeting name or jurisdiction name as entry element | Institute for Advanced Training in Student Personnel Services in Japan |
| Date of meeting | (1955 : |
| Location of meeting | Tokyo University) |
| 9 (RLIN) | 162635 |
| 245 10 - TITLE STATEMENT | |
| Title | Student personnel services in Japan / |
| Statement of responsibility, etc. | by Wesley P. Lloyd ; With chapters contributed by Francis P. Robinson , Edward S. Bordin. |
| 260 ## - PUBLICATION, DISTRIBUTION, ETC. (IMPRINT) | |
| Place of publication, distribution, etc. | Washington, D. C. : |
| Name of publisher, distributor, etc. | American Council on Education, |
| Date of publication, distribution, etc. | 1957 |
| 300 ## - PHYSICAL DESCRIPTION | |
| Pagination | xi, 111 p. : |
| Illustrations | ill. ; |
| Size | 24 cm. |
| 500 ## - GENERAL NOTE | |
| General note | Includes Index |
| 650 #0 - SUBJECT ADDED ENTRY--TOPICAL TERM | |
| Topical term or geographic name as entry element | Education |
| Geographic subdivision | Japan. |
| 9 (RLIN) | 142761 |
| Topical term or geographic name as entry element | Educational counseling |
| 9 (RLIN) | 133350 |
| 700 ## - ADDED ENTRY--PERSONAL NAME | |
| Personal name | Robinson, Francis P. , Jt. auth. |
| Personal name | Bordin, Edward S. , Jt. auth. |
| 942 ## - ADDED ENTRY ELEMENTS (KOHA) | |
| Source of classification or shelving scheme | Dewey Decimal Classification |
| Koha item type | Books |
| Lost status | Source of classification or shelving scheme | Damaged status | Not for loan | Collection code | Permanent Location | Current Location | Shelving location | Date acquired | Source of acquisition | Total Checkouts | Full call number | Date last seen | Copy number | Koha item type |
|---|---|---|---|---|---|---|---|---|---|---|---|---|---|---|
| Dewey Decimal Classification | Not For Loan | Non-fiction | Central Library, University of Rajshahi | Central Library, University of Rajshahi | Reading Room | 01/04/1961 | USA | 371.40952 LLS 1957 | 04/08/2016 | C-1 | Books |